[Event "Solingen-ch 2015"]
[Site "Solingen"]
[Date "2015.12.04"]
[Round "7.1"]
[White "Lemanczyk, Thomas"]
[Black "Görke, Joachim"]
[Result "1-0"]
[WhiteElo "2224"]
[BlackElo "2105"]
[PlyCount "67"]
[EventDate "2015.??.??"]
[WhiteTeam "SG Solingen"]
[BlackTeam "SG Solingen"]

1. Nf3 f5 2. g3 Nf6 3. Bg2 d6 4. d4 g6 5. b3 Bg7 6. Bb2 O-O 7. O-O Ne4 8. Nbd2
c5 9. Ne1 d5 10. Ndf3 Nc6 11. e3 cxd4 12. exd4 f4 13. Ne5 Qd6 14. N1d3 g5 15.
c4 dxc4 16. Bxe4 cxd3 17. Nxc6 bxc6 18. Qxd3 f3 19. Bxf3 Ba6 20. Qxa6 Rxf3 21.
Rac1 Rf6 22. Qb7 Rb8 23. Qxa7 Rbf8 24. Qc5 Qd7 25. Qxg5 Rg6 26. Qh5 Rf5 27. Qe2
Rd5 28. Rc5 Rdd6 29. Re1 Bxd4 30. Bxd4 Rxd4 31. Qxe7 Qxe7 32. Rxe7 Rd1+ 33. Kg2
Rd2 34. Ra5 1-0

[Event "Solingen-ch 2015"]
[Site "Solingen"]
[Date "2015.12.04"]
[Round "7.2"]
[White "Peschel, Andreas"]
[Black "Kniest, Oliver"]
[Result "1/2-1/2"]
[WhiteElo "2165"]
[BlackElo "2291"]
[PlyCount "51"]
[EventDate "2015.??.??"]
[WhiteTeam "SG Solingen"]
[BlackTeam "SG Solingen"]

1. d4 Nf6 2. Nf3 e6 3. Bg5 h6 4. Bxf6 Qxf6 5. e4 d6 6. Nc3 g6 7. e5 Qe7 8. Bb5+
Bd7 9. Qe2 a6 10. Bd3 Bg7 11. O-O Nc6 12. Rfe1 dxe5 13. dxe5 g5 14. Qe4 O-O-O
15. a3 h5 16. Re3 g4 17. Nd4 Qc5 18. Nxc6 Bxc6 19. Qc4 Qxc4 20. Bxc4 Bh6 21.
Re2 Rd2 22. Rae1 Rxe2 23. Bxe2 Rd8 24. Bd3 Bg7 25. Re3 Bh6 26. Re1 1/2-1/2

[Event "Solingen-ch 2015"]
[Site "Solingen"]
[Date "2015.12.04"]
[Round "7.3"]
[White "Schockenbäumer, Dirk"]
[Black "Flesch, Dr. Stefan"]
[Result "1/2-1/2"]
[WhiteElo "2161"]
[BlackElo "2073"]
[PlyCount "29"]
[EventDate "2015.??.??"]
[WhiteTeam "SG Solingen"]
[BlackTeam "SG Solingen"]

1. e4 e6 2. d4 d5 3. Nc3 Bb4 4. e5 b6 5. Bb5+ c6 6. Bd3 Ba6 7. Bxa6 Nxa6 8. Qd3
Nc7 9. Nf3 Be7 10. O-O h5 11. Ne1 Nh6 12. Bxh6 Rxh6 13. f4 Qd7 14. Ne2 O-O-O
15. c3 1/2-1/2

[Event "Solingen-ch 2015"]
[Site "Solingen"]
[Date "2015.12.04"]
[Round "7.4"]
[White "Pentz, Jörg"]
[Black "Zolfagharian, Kevin"]
[Result "0-1"]
[WhiteElo "1985"]
[BlackElo "2110"]
[PlyCount "56"]
[EventDate "2015.??.??"]
[WhiteTeam "SG Solingen"]
[BlackTeam "SG Solingen"]

1. g3 e5 2. Bg2 d5 3. d3 Nf6 4. Nf3 Nc6 5. O-O Be6 6. c3 Qd7 7. b4 Bd6 8. Ng5
Bg4 9. h3 h6 10. Nxf7 Qxf7 11. hxg4 Nxg4 12. f3 Nf6 13. e4 O-O-O 14. b5 Bc5+
15. d4 Nxd4 16. cxd4 Bxd4+ 17. Kh2 dxe4 18. Qa4 exf3 19. Bxf3 e4 20. Be2 g5 21.
b6 g4 22. Rf5 Bxb6 23. Bb2 Qg6 24. Qb5 Rhf8 25. Bxf6 Rxf6 26. Bxg4 Kb8 27. Nc3
Qxg4 28. Rxf6 Rd2+ 0-1

[Event "Solingen-ch 2015"]
[Site "Solingen"]
[Date "2015.12.04"]
[Round "7.5"]
[White "Kesseler, Heiko"]
[Black "Alexopoulos, Dr. Spiros"]
[Result "1-0"]
[WhiteElo "2012"]
[BlackElo "1931"]
[PlyCount "105"]
[EventDate "2015.??.??"]
[WhiteTeam "Elberfelder SG"]
[BlackTeam "Aachener SV"]

1. e4 d5 2. exd5 Nf6 3. d4 Bg4 4. f3 Bf5 5. Bb5+ Nbd7 6. c4 e6 7. Nc3 Bb4 8.
Bg5 O-O 9. dxe6 Bxe6 10. Bxd7 Qxd7 11. Bxf6 gxf6 12. d5 Bf5 13. Nge2 Rae8 14.
O-O Re3 15. Qd4 Qe7 16. Qf4 Bd3 17. Ng3 Qe5 18. Qh6 Qg5 19. Qxg5+ fxg5 20. Rfe1
Rfe8 21. Rxe3 Rxe3 22. Nce4 Bxc4 23. Rc1 Re1+ 24. Rxe1 Bxe1 25. b3 Bd3 26. Nh5
h6 27. Nhf6+ Kf8 28. g4 Bb4 29. Kf2 Bb1 30. a4 Bc2 31. Nd7+ Ke7 32. Ndf6 Kf8
33. Nd7+ Kg7 34. Ndc5 Bxc5+ 35. Nxc5 b6 36. Na6 Bxb3 37. Nxc7 Bxa4 38. Ke3 Kf8
39. d6 Bc6 40. f4 a5 41. f5 a4 42. Kd3 f6 43. Kc4 a3 44. Kb3 a2 45. Kxa2 Bf3
46. h3 Bg2 47. Ka3 Bxh3 48. Nd5 Ke8 49. Nxf6+ Kd8 50. Kb4 Bf1 51. Ng8 Kd7 52.
f6 Ke8 53. d7+ 1-0

[Event "Solingen-ch 2015"]
[Site "Solingen"]
[Date "2015.12.04"]
[Round "7.6"]
[White "Speck, Stefan"]
[Black "Borchert, Stephan"]
[Result "1/2-1/2"]
[WhiteElo "1995"]
[BlackElo "1850"]
[PlyCount "150"]
[EventDate "2015.??.??"]
[WhiteTeam "SC Solingen 28"]
[BlackTeam "SG Solingen"]

1. e4 e5 2. Nf3 Nc6 3. Nc3 Nf6 4. d4 exd4 5. Nxd4 Bc5 6. Be3 Bb4 7. Nxc6 bxc6
8. Bd3 Qe7 9. O-O O-O 10. Bg5 Qe5 11. f4 Qd4+ 12. Kh1 Bxc3 13. bxc3 Qxc3 14.
Rf3 Ng4 15. h3 f6 16. Bh4 Nh6 17. e5 f5 18. Bxf5 Qc5 19. Bxd7 Bxd7 20. Qxd7 Nf5
21. Bf2 Qxc2 22. Qd3 Qxd3 23. Rxd3 Ne7 24. Bc5 Rf7 25. Bxe7 Rxe7 26. Rc1 Rb8
27. Rxc6 Rb4 28. Ra3 Rxf4 29. Rxa7 Rxe5 30. Rcxc7 Rg5 31. Rc8+ Rf8 32. Rxf8+
Kxf8 33. Kg1 Rf5 34. a4 h5 35. Kh2 h4 36. a5 Rf1 37. Rb7 Ra1 38. Rb4 Rxa5 39.
Rxh4 g6 40. Rh7 Kg8 41. Rc7 Rf5 42. Kg3 Ra5 43. Rd7 Rb5 44. Kf4 Rf5+ 45. Ke3
Re5+ 46. Kf4 Rf5+ 47. Ke4 Ra5 48. g4 Rb5 49. h4 Ra5 50. Kf4 g5+ 51. hxg5 Ra3
52. g6 Ra5 53. Rf7 Ra1 54. Kg5 Ra2 55. Rc7 Ra1 56. Rd7 Ra2 57. Re7 Ra1 58. g7
Ra6 59. Kh5 Rh6+ 60. Kg5 Rg6+ 61. Kf5 Ra6 62. g5 Rb6 63. Kg4 Rg6 64. Kh5 Rxg7
65. Re8+ Kf7 66. Rb8 Rh7+ 67. Kg4 Rh1 68. Rb7+ Kg6 69. Rb6+ Kg7 70. Kf5 Rf1+
71. Ke6 Kg6 72. Rb5 Re1+ 73. Kd7 Rg1 74. Ke7 Rxg5 75. Rxg5+ Kxg5 1/2-1/2

[Event "Solingen-ch 2015"]
[Site "Solingen"]
[Date "2015.12.04"]
[Round "7.7"]
[White "Ferger, Jürgen"]
[Black "Mentzel, Markus"]
[Result "1/2-1/2"]
[WhiteElo "1915"]
[BlackElo "1950"]
[PlyCount "50"]
[EventDate "2015.??.??"]
[WhiteTeam "SG Solingen"]
[BlackTeam "SG Solingen"]

1. Nf3 Nf6 2. b3 d5 3. Bb2 e6 4. c4 Be7 5. g3 O-O 6. Bg2 c6 7. O-O Nbd7 8. Qc2
Re8 9. d3 h6 10. e4 Nf8 11. Nbd2 Bd7 12. Rac1 Rc8 13. Ne5 b6 14. Qd1 dxe4 15.
Nxe4 Nxe4 16. dxe4 Bf6 17. Qh5 Bxe5 18. Qxe5 f6 19. Qd6 Qc7 20. Rcd1 c5 21. e5
f5 22. Rd2 Qxd6 23. Rxd6 Rc7 24. Rfd1 Rec8 25. h3 Bc6 1/2-1/2

[Event "Solingen-ch 2015"]
[Site "Solingen"]
[Date "2015.12.04"]
[Round "7.8"]
[White "Vranidis, Athanassios"]
[Black "Brinkmann, Katharina"]
[Result "1-0"]
[WhiteElo "1942"]
[BlackElo "1763"]
[PlyCount "49"]
[EventDate "2015.??.??"]
[WhiteTeam "SG Solingen"]
[BlackTeam "SV Grünfeld"]

1. d4 e6 2. c4 d5 3. Nc3 Nf6 4. cxd5 exd5 5. Bg5 Be7 6. e3 O-O 7. Bd3 c6 8. Qc2
h6 9. Bh4 Re8 10. Nf3 Bg4 11. Ne5 Bh5 12. h3 Nfd7 13. Bxe7 Rxe7 14. Nxd7 Nxd7
15. g4 Bg6 16. Bxg6 fxg6 17. Qxg6 c5 18. O-O Nf6 19. Rad1 b6 20. dxc5 bxc5 21.
Rd2 Re5 22. Qd3 Qe7 23. f4 Rxe3 24. Nxd5 Qe6 25. Qxe3 1-0

[Event "Solingen-ch 2015"]
[Site "Solingen"]
[Date "2015.12.04"]
[Round "7.9"]
[White "Fränzel, Dr. Marius"]
[Black "Boschek, Dr. Hans-Joachim"]
[Result "0-1"]
[WhiteElo "1803"]
[BlackElo "1910"]
[PlyCount "58"]
[EventDate "2015.??.??"]
[WhiteTeam "SG Solingen"]
[BlackTeam "SG Solingen"]

1. e4 e6 2. d4 d5 3. exd5 exd5 4. c4 Bb4+ 5. Nc3 Ne7 6. Nf3 Bg4 7. Be2 O-O 8.
O-O Nbc6 9. a3 Bxc3 10. bxc3 Re8 11. h3 Bh5 12. cxd5 Nxd5 13. Bd2 Qd6 14. Re1
Re7 15. c4 Nf4 16. Be3 Nxe2+ 17. Rxe2 Bxf3 18. gxf3 Rae8 19. Rd2 Re6 20. Kh1
Rg6 21. Qf1 Qf6 22. Rad1 Qxf3+ 23. Kh2 Ne7 24. Rd3 Rf6 25. R1d2 Qh5 26. Qe2 Qg6
27. Rb2 Nf5 28. Rb5 Nd6 29. Rg5 Qxg5 0-1

[Event "Solingen-ch 2015"]
[Site "Solingen"]
[Date "2015.12.04"]
[Round "7.10"]
[White "Ehringfeld, Michael"]
[Black "Kaiser, Stephan"]
[Result "1-0"]
[WhiteElo "1553"]
[BlackElo "1889"]
[PlyCount "107"]
[EventDate "2015.??.??"]
[WhiteTeam "SG Solingen"]
[BlackTeam "SG Solingen"]

1. d4 d5 2. Nf3 Nf6 3. Bf4 Bg4 4. e3 e6 5. h3 Bh5 6. Nbd2 Bd6 7. Bxd6 cxd6 8.
Be2 O-O 9. O-O Nc6 10. c4 Rc8 11. cxd5 Nxd5 12. a3 Nf6 13. Rc1 d5 14. Nh2 Bg6
15. Ng4 Ne4 16. Nxe4 Bxe4 17. Bd3 Bxd3 18. Qxd3 Qd6 19. Rc2 Rc7 20. Rfc1 Rfc8
21. b4 f6 22. Nh2 a6 23. Nf1 b5 24. Nd2 e5 25. Nb3 e4 26. Qd2 Nd8 27. Rxc7 Rxc7
28. Rxc7 Qxc7 29. Nc5 Qc8 30. Qa2 Qc6 31. Qb2 Kf7 32. Qe2 Ne6 33. Qh5+ Kg8 34.
Qe2 Nxc5 35. dxc5 g6 36. f4 Kf7 37. Kf2 Ke6 38. g4 f5 39. g5 Kd7 40. Qb2 Qe6
41. Qg7+ Qe7 42. Qf6 Qe6 43. Qxe6+ Kxe6 44. Ke2 Kd7 45. Kd2 Kc6 46. Kc3 a5 47.
Kd4 axb4 48. axb4 Kc7 49. Kxd5 Kd7 50. c6+ Kc7 51. Kc5 Kc8 52. Kxb5 Kc7 53. Kc5
Kc8 54. b5 1-0

[Event "Solingen-ch 2015"]
[Site "Solingen"]
[Date "2015.12.04"]
[Round "7.11"]
[White "Sherif, Malik"]
[Black "Meckel, Helmut"]
[Result "0-1"]
[WhiteElo "1761"]
[BlackElo "1772"]
[PlyCount "178"]
[EventDate "2015.??.??"]
[WhiteTeam "SG Solingen"]
[BlackTeam "SG Solingen"]

1. Nf3 d5 2. g3 c5 3. Bg2 Nc6 4. c4 Nf6 5. O-O e5 6. cxd5 Nxd5 7. Nc3 Be6 8. d3
Be7 9. Nd2 O-O 10. a3 Nd4 11. e3 Nc6 12. Qc2 Rc8 13. Rd1 Qd7 14. Nce4 b6 15.
Nc3 Rfd8 16. Nf3 Nxc3 17. Qxc3 e4 18. Ne1 Bf6 19. Qc2 Bf5 20. Bf1 Ne5 21. d4
cxd4 22. Rxd4 Nf3+ 23. Nxf3 Bxd4 24. Qd2 exf3 25. Qxd4 Qxd4 26. exd4 Rxd4 27.
Be3 Rdd8 28. h4 Bd3 29. Bh3 Rc2 30. b4 Be2 31. Bf5 Rc3 32. a4 Rd1+ 33. Rxd1
Bxd1 34. a5 bxa5 35. bxa5 a6 36. Kf1 g6 37. Be4 Ra3 38. Ke1 Be2 39. Bb6 Kg7 40.
Bd4+ f6 41. Bb6 h6 42. Kd2 g5 43. h5 Ra1 44. g4 Kf7 45. Bf5 Rd1+ 46. Kc2 Rd5
47. Kc3 Ke7 48. Kb4 Kd6 49. Kc3 Rxf5 50. gxf5 Ke5 51. Bc5 Kxf5 52. Bf8 g4 53.
Kd2 Kg5 54. Be7 Kxh5 55. Bxf6 Kg6 56. Be5 Kf5 57. Bb8 Ke4 58. Bc7 Bc4 59. Bb8
h5 60. Bg3 Kd4 61. Ke1 Kc5 62. Bc7 h4 63. Bb8 Kb5 64. Bc7 h3 65. Kd2 g3 66.
Bxg3 Kxa5 67. Ke3 Be2 68. Kf4 Kb4 69. Kg4 a5 70. Kxh3 a4 71. Be5 a3 72. Kg4 Kb3
73. Kf4 Kc2 74. Ke3 a2 75. Bd4 Kb1 76. Kd2 a1=Q 77. Bxa1 Kxa1 78. Kc2 Ka2 79.
Kc3 Kb1 80. Kd2 Kb2 81. Ke1 Kb3 82. Kd2 Kc4 83. Ke1 Kd4 84. Kd2 Ke4 85. Kc3 Kf4
86. Kd4 Kg4 87. Ke4 Kh3 88. Kf4 Kg2 89. Ke3 Kg1 0-1

[Event "Solingen-ch 2015"]
[Site "Solingen"]
[Date "2015.12.04"]
[Round "7.12"]
[White "Nguyen, Gia Huy Philipp"]
[Black "Rebischke, Florian"]
[Result "1-0"]
[WhiteElo "1858"]
[BlackElo "1617"]
[PlyCount "123"]
[EventDate "2015.??.??"]
[WhiteTeam "SG Solingen"]
[BlackTeam "Godesberger SK"]

1. e4 c5 2. Nf3 e6 3. d4 cxd4 4. Nxd4 a6 5. Nc3 Qc7 6. Bd3 b5 7. a3 Bb7 8. O-O
Nf6 9. Bg5 Be7 10. Kh1 Nc6 11. Nb3 h5 12. f4 Ng4 13. Bxe7 Nxe7 14. Qe2 g5 15.
h3 gxf4 16. hxg4 hxg4+ 17. Kg1 g3 18. Qf3 Qb6+ 19. Rf2 gxf2+ 20. Kf1 Ng6 21.
Ke2 e5 22. g3 fxg3 23. Qxg3 Nf4+ 24. Kd2 O-O-O 25. Rf1 Rh3 26. Qxf2 Qh6 27.
Qc5+ Kb8 28. Qxe5+ d6 29. Qxf4 Rh2+ 30. Ke1 Qh3 31. Na5 Ba8 32. Nb3 f5 33. Qxf5
Qe3+ 34. Kd1 Rdh8 35. Qf4 Qxf4 36. Rxf4 Rh1+ 37. Ke2 Kc7 38. a4 bxa4 39. Nxa4
R1h2+ 40. Ke3 Bc6 41. Rf7+ Kb8 42. Nc3 R8h3+ 43. Kd4 Rh7 44. Rxh7 Rxh7 45. Bxa6
Kc7 46. Bd3 Rh4 47. Na5 Be8 48. Nc4 Bf7 49. Nb5+ Kc6 50. Nbxd6 Bg8 51. Nf5 Rh7
52. Kc3 Be6 53. b4 Kb7 54. Nd4 Bd7 55. e5 Rh6 56. b5 Bh3 57. Kb4 Rh4 58. Kc5
Rh8 59. e6 Rc8+ 60. Kb4 Kc7 61. b6+ Kd8 62. b7 1-0

[Event "Solingen-ch 2015"]
[Site "Solingen"]
[Date "2015.12.04"]
[Round "7.13"]
[White "Schubert, Stefan"]
[Black "Falge, Rainer"]
[Result "0-1"]
[WhiteElo "1133"]
[BlackElo "1748"]
[PlyCount "54"]
[EventDate "2015.??.??"]
[WhiteTeam "SG Solingen"]
[BlackTeam "SG Solingen"]

1. e4 d6 2. d4 Nf6 3. Nc3 g6 4. Nf3 Bg7 5. Bc4 O-O 6. Bf4 Nxe4 7. Nxe4 d5 8.
Qd3 dxc4 9. Qxc4 c6 10. O-O-O Nd7 11. h4 Nb6 12. Qe2 Nd5 13. Bd2 Bg4 14. Rde1
Bxd4 15. Qc4 Bg7 16. Nh2 Be6 17. Qe2 Qb6 18. c3 Nf6 19. Nxf6+ exf6 20. Kb1 Rfe8
21. Qf1 Rad8 22. Be3 Qa5 23. a3 Bf5+ 24. Ka1 Bd3 25. Qg1 Bf8 26. Bc1 Bxa3 27.
Rxe8+ Bf8# 0-1

[Event "Solingen-ch 2015"]
[Site "Solingen"]
[Date "2015.12.04"]
[Round "7.14"]
[White "Bashylina, Luisa"]
[Black "Skiber, Friedel"]
[Result "0-1"]
[WhiteElo "1127"]
[BlackElo "1730"]
[PlyCount "86"]
[EventDate "2015.??.??"]
[WhiteTeam "SG Solingen"]
[BlackTeam "SG Solingen"]

1. e4 d6 2. d4 g6 3. Nc3 Bg7 4. Be3 a6 5. Qd2 b5 6. f3 b4 7. Nce2 a5 8. g4 h6
9. h4 Nd7 10. h5 g5 11. f4 gxf4 12. Nxf4 c5 13. Nf3 Bb7 14. g5 hxg5 15. Nxg5
Nh6 16. Nfe6 fxe6 17. Nxe6 Bxd4 18. Nxd8 Bxb2 19. Qd1 Bxe4 20. Rh4 Bf5 21. Bxh6
Rxh6 22. Rf4 e6 23. Rb1 Bc3+ 24. Kf2 Rxd8 25. Bd3 Be5 26. Rh4 Bf6 27. Rh1 Bd4+
28. Kf3 Ne5+ 29. Kf4 Bg4 30. Be2 Rf6+ 31. Kg3 Bf5 32. Rf1 Ke7 33. Rb3 Rg8+ 34.
Kh2 Nf7 35. Bf3 Be5+ 36. Kh1 Rg3 37. Bg2 Rg5 38. Bf3 Nh6 39. Qe2 Bh3 40. Rg1
Rgf5 41. Rg7+ Nf7 42. h6 Rxh6 43. Qa6 Bf1+ 0-1

[Event "Solingen-ch 2015"]
[Site "Solingen"]
[Date "2015.12.04"]
[Round "7.15"]
[White "Mix, Lothar"]
[Black "Meyer zu Kniendorf, Jochen"]
[Result "1/2-1/2"]
[WhiteElo "1241"]
[BlackElo "1670"]
[PlyCount "54"]
[EventDate "2015.??.??"]
[WhiteTeam "SG Solingen"]
[BlackTeam "Düsseldorfer SK"]

1. e4 g6 2. Nf3 Bg7 3. Bc4 e6 4. Nc3 d6 5. d4 a6 6. a3 b5 7. Ba2 Bb7 8. d5 e5
9. Be3 Ne7 10. h4 h6 11. Qd2 f5 12. exf5 Nxf5 13. g4 Nxe3 14. Qxe3 Nd7 15. Nd4
Nf8 16. Qe4 Qf6 17. O-O-O O-O-O 18. Nc6 Re8 19. Kb1 Nd7 20. a4 Nc5 21. Qb4 Bxc6
22. dxc6 bxa4 23. Nxa4 Nxa4 24. Qxa4 Kd8 25. Qe4 Ke7 26. Qd5 Kf8 27. g5 Qf5
1/2-1/2

[Event "Solingen-ch 2015"]
[Site "Solingen"]
[Date "2015.12.04"]
[Round "7.16"]
[White "Barche, Uwe"]
[Black "Littek, Oliver"]
[Result "1-0"]
[WhiteElo "1412"]
[BlackElo "1137"]
[PlyCount "39"]
[EventDate "2015.??.??"]
[WhiteTeam "SG Solingen"]
[BlackTeam "SG Solingen"]

1. c4 e5 2. g3 Nc6 3. Nc3 Nf6 4. Bg2 Bc5 5. Nf3 d6 6. d3 Bf5 7. O-O h6 8. a3 a6
9. b4 Ba7 10. Bb2 O-O 11. Rc1 Qd7 12. e3 Rfe8 13. Nd5 Nxd5 14. cxd5 Ne7 15. Nd2
Bxd3 16. Re1 Bh7 17. Qb3 c6 18. dxc6 Nxc6 19. Red1 b5 20. Bxc6 1-0

[Event "Solingen-ch 2015"]
[Site "Solingen"]
[Date "2015.12.04"]
[Round "7.17"]
[White "Schubert, Florian"]
[Black "Johann, Hans Werner"]
[Result "0-1"]
[WhiteElo "1137"]
[BlackElo "1332"]
[PlyCount "82"]
[EventDate "2015.??.??"]
[WhiteTeam "SG Solingen"]
[BlackTeam "TV Witzhelden"]

1. e4 e5 2. Nf3 d6 3. Nc3 c5 4. Bc4 h6 5. b3 Nf6 6. Bb2 Be7 7. h3 O-O 8. O-O a6
9. d3 Nc6 10. a4 Na5 11. Nd5 Nxc4 12. Nxe7+ Qxe7 13. dxc4 Nxe4 14. Qd3 Nf6 15.
Rfe1 Qc7 16. Qd2 Be6 17. Rad1 Rad8 18. Bc3 Qc6 19. Re3 Bf5 20. Nh4 Bh7 21. g4
Ne4 22. Qd5 Qxd5 23. cxd5 Nf6 24. Rd2 b6 25. f3 Nd7 26. Nf5 Bxf5 27. gxf5 g6
28. Rg2 Kh7 29. fxg6+ fxg6 30. Rg4 Nf6 31. Rg2 Nxd5 32. Rd3 Nf4 33. Rg3 Nxd3
34. cxd3 g5 35. Kf2 Rb8 36. Ke3 Rf5 37. Rg4 Rbf8 38. h4 Rxf3+ 39. Ke2 Rf2+ 40.
Ke1 R2f4 41. Rg2 Rxh4 0-1